00445nam a2200157Ia 4500008004100000040001900041041001200060082002700072100002100099245004900120250001200169260003600181300002400217650002500241850002100266131103s9999 xx 000 0 und d aLoreto College aEnglish a372.21/SCHbLCBED/1231 aSchofield, Harry 4aThe first teaching practicecHarry Schofield a3rd ed. aLondonbSchoolmaster Pub.c1973 a39p.b ill.c 23cm. aElementary education aLCBED/372.21/SCH